02386naa a2200349 a 450000100080000000500110000800800410001910000190006024501140007926000090019352013760020265300090157865300190158765300250160665300250163165300180165665300230167470000180169770000190171570000290173470000190176370000230178270000230180570000180182870000190184670000220186570000210188770000160190870000210192470000170194577300740196210636812009-05-21 2009 bl uuuu u00u1 u #d1 aTOGNOLI, G. K. aTransplante aut??logo de c??lulas mononucleares da medula ??ssea em ??lcera de c??rnea experimental em c??es. c2009 aAs c??lulas mononucleares (CM) da medula ??ssea (MO) despertam grande interesse nas pesquisas sobre regenera????o tecidual. O limbo ?? a fonte de c??lulas-tronco (CT) para repor cerat??citos lesados e uma disfun????o destas ?? denominada defici??ncia l??mbica. Essa condi????o ?? desenvolvida por diversas afec????es, sendo que a queimadura por base ?? a mais comum. A fim de confirmar a presen??a das CM da MO transplantadas, a ocorr??ncia de quimiotaxia destas e comparar histopatologicamente os grupos tratado e controle, utilizou-se um modelo experimental de ??lcera de c??rnea associado ao autotransplante de CM. Para tanto, 16 c??es machos ou f??meas, sem ra??a definida, foram submetidos ?? ??lcera experimental de c??rnea com papel filtro embebido em hidr??xido de s??dio (NaOH). Ap??s as les??es, os animais foram submetidos a transplante subconjuntival de CM da MO, previamente marcadas com nanocristais. A avalia????o p??s-operat??ria foi realizada por imunofluoresc??ncia no sexto dia ap??s o transplante e por histopatologia passados 15 dias do procedimento, quando foi poss??vel notar que as CM fixaram-se na regi??o lesionada, n??o sofreram quimiotaxia e, apesar de diminu??rem a inflama????o, n??o auxiliaram o processo de cicatriza????o corneana a curto prazo. Assim, sugerem-se estudos adicionais no transplante de CM da MO na cicatriza????o da c??rnea. aC??o aC??lula-tronco aFra????o mononuclear aHidr??xido de s??dio aMedula ??ssea a??lcera de c??rnea1 aOLSSON, D. C.1 aMARTINS, D. B.1 aSANTOS J??NIOR, E. de B.1 aSALBEGO, F. Z.1 aOLIVEIRA, G. K. de1 aBRAGA, F. de V. A.1 aRAISER, A. G.1 aDEZENGRINI, R.1 aCRUZ, F. S. F. da1 aCASTRO, M. B. de1 aROSA, M. C.1 aCARREGARO, A. B.1 aPIPPI, N. L. tCi??ncia Rural, Santa Mariagv. 39, n. 1. p. 148-155, jan./fev. 2009.